| 000 | 00845cam a22002651 4500 | ||
|---|---|---|---|
| 001 | sg 46000310 | ||
| 003 | DLC | ||
| 005 | 20260227112751.0 | ||
| 008 | 731030s1946 nyua b 000 0 eng c | ||
| 010 | _asg 46000310 | ||
| 035 | _a(OCoLC)730053 | ||
| 040 |
_aU.S. Army Medical Library _cOHirC _dOCoLC _dDLC |
||
| 042 | _apremarc | ||
| 050 | 0 | 0 |
_aRC602 _b.R54 |
| 082 | _a616.8 | ||
| 100 | 1 |
_aRichards, Thomas William, _d1907- |
|
| 245 | 1 | 0 |
_aModern clinical psychology, _cby T.W. Richards ... |
| 250 | _a1st ed. | ||
| 260 |
_aNew York, _aLondon, _bMcGraw-Hill Book Company, inc., _c1946. |
||
| 300 |
_axi, 331 p. _billus. (diagrs.) _c24 cm. |
||
| 490 | 0 | _aMcGraw-Hill publications in psychology | |
| 504 | _aBibliography: p. 309-316. "List of visual aids": p. 317-321. | ||
| 650 | 0 | _aClinical psychology. | |
| 740 | 0 | _aClinical psychology. | |
| 999 |
_c90869 _d90869 |
||